| 000 | 01342cam a2200337 a 4500 | ||
|---|---|---|---|
| 001 | 12274491 | ||
| 005 | 20260209112237.0 | ||
| 008 | 010109s2001 enkab b 001 0 eng | ||
| 010 | _a 2001018100 | ||
| 020 | _a0521802199 | ||
| 020 | _a0521001943 (pbk) | ||
| 020 | _a9780521802192 | ||
| 020 | _a9780521001946 | ||
| 082 | 0 | 0 | _a305.8 WIL |
| 100 | 1 |
_aWilson, Richard, _d1964- |
|
| 245 | 1 | 4 |
_aThe politics of truth and reconciliation in South Africa : _blegitimizing the post-apartheid state / _cRichard A. Wilson. |
| 260 |
_aCambridge ; _aNew York : _bCambridge University Press, _c2001. |
||
| 300 |
_axxi, 271 p. : _bill., maps ; _c24 cm. |
||
| 440 | 0 | _aCambridge studies in law and society | |
| 504 | _aIncludes bibliographical references (p. 246-262) and index. | ||
| 610 | 1 | 0 |
_aSouth Africa. _bTruth and Reconciliation Commission. |
| 650 | 0 |
_aReconciliation _xPolitical aspects _zSouth Africa. |
|
| 650 | 0 |
_aApartheid _zSouth Africa. |
|
| 650 | 0 |
_aPost-apartheid era _zSouth Africa. |
|
| 650 | 0 | _aRetribution. | |
| 651 | 0 |
_aSouth Africa _xPolitics and government _y1994- |
|
| 651 | 0 |
_aSouth Africa _xRace relations. |
|
| 856 | 4 | 2 |
_3Publisher description _uhttp://www.loc.gov/catdir/description/cam021/2001018100.html |
| 856 | 4 | 1 |
_3Table of contents _uhttp://www.loc.gov/catdir/toc/cam028/2001018100.html |
| 942 |
_2ddc _cBK |
||
| 999 |
_c23606 _d23606 |
||